|
|
|
|
| LEADER |
01032naa a2200217 i 4500 |
| 001 |
acta65992 |
| 005 |
20260312102545.0 |
| 008 |
191220s2001 hu o 100 hun d |
| 020 |
|
|
|a 963 9167 54 1
|
| 040 |
|
|
|a SZTE Egyetemi Kiadványok Repozitórium
|b hun
|
| 041 |
|
|
|a hun
|
| 245 |
0 |
2 |
|a A barokk kor interdiszciplináris megközelítése a Bach évforduló jegyében
|h [elektronikus dokumentum] :
|b a Szegeden 2000. november 16-án elhangzott előadások szerkesztett változata : tanulmánykötet
|
| 260 |
|
|
|a Juhász Gyula Pedagógusképző Kar Ének-Zene Tanszék
|b Szeged
|c 2001
|
| 300 |
|
|
|a 95
|
| 490 |
0 |
|
|a Nemzetközi Zenei Konferencia
|v 1
|
| 650 |
|
4 |
|a Bölcsészettudományok
|
| 650 |
|
4 |
|a Művészetek (művészetek, művészettörténet, előadóművészetek, zene)
|
| 695 |
|
|
|a Johann Sebastian Bach, Barokk - művelődéstörténet - tanulmányok, Művelődéstörténet
|
| 700 |
0 |
1 |
|a Dombi Józsefné
|
| 700 |
0 |
1 |
|a Maczelka Noémi
|
| 856 |
4 |
0 |
|u http://acta.bibl.u-szeged.hu/65992/1/enek_zene_tanszek_2001.pdf
|z Dokumentum-elérés
|